000 007620000a22001810004500
003 MACL
005 20160608170231.0
008 160608b xxu||||| |||| 00| 0 eng d
040 _aMACL
_cMACL
041 _aHindi
082 _a954
100 _aनदवी, सैयद सुलेमान
_963262
245 _aहिन्‍दुओं की विधा एवं शिक्षा सम्‍बन्‍धी प्रगति में मुस्लिम शासकों का योगदान
_cसैयद सुलेमान नदवी
260 _bखुदा बख्‍श ओरियन्‍टल पब्लिक
_c2002
_aपटना
350 _a60
650 _aHistory
_963263
942 _cHIN
_k954
_2ddc
999 _c18539
_d18539